Фторидная технология получения пигментного диоксида титана; Фторидные технологии

Bibliografiska uppgifter
Parent link:Фторидные технологии.— 2009.— С. 26
Huvudupphovsman: Андреев А. А. Артем Андреевич
Språk:ryska
Publicerad: 2009
Ämnen:
Materialtyp: Bokavsnitt
KOHA link:https://koha.lib.tpu.ru/cgi-bin/koha/opac-detail.pl?biblionumber=198863

MARC

LEADER 00000naa2a2200000 4500
001 198863
005 20240723102922.0
035 |a (RuTPU)RU\TPU\book\216876 
090 |a 198863 
100 |a 20110711d2009 k y0rusy50 ca 
101 0 |a rus 
102 |a RU 
200 1 |a Фторидная технология получения пигментного диоксида титана  |f А. А. Андреев 
463 0 |0 (RuTPU)RU\TPU\book\208731  |y 5-98298-470-1  |t Фторидные технологии  |o тезисы докладов Всероссийской научно-практической конференции, 25-26 июня 2009 г. г. Томск  |f Томский политехнический университет (ТПУ), Физико-технический факультет; ООО "Фторидные технологии"  |v С. 26  |d 2009  |p 79 с. 
610 1 |a диоксид титана 
610 1 |a фторидные технологии 
610 1 |a получение 
610 1 |a труды учёных ТПУ 
700 1 |a Андреев  |b А. А.  |c химик-технолог  |c доцент Томского политехнического университета, кандидат технических наук  |f 1983-  |g Артем Андреевич  |3 (RuTPU)RU\TPU\pers\29528  |9 14064 
801 1 |a RU  |b 63413507  |c 20110711 
801 2 |a RU  |b 63413507  |c 20120518  |g RCR 
942 |c BK